000 00890cam a22002774a 4500
008
020 _a1412919010 (pbk. )
049 _aMAIN
050 0 0 _aHF5549.S883 SAL
245 0 0 _aStrategic human resource management :
_btheory and practice /
_cedited by Graeme Salaman, John Storey, and Jon Billsberry.
250 _a2nd ed.
260 _aMilton Keynes :
_bOpen University in associatin with Sage Publications,
_c2005.
300 _aviii, 350 p. :
_bill. ;
_c25 cm.
504 _aIncludes bibliographical references
500 _aIncludes index.
650 0 _aPersonnel management.
650 0 _aStrategic planning.
700 1 _aSalaman, Graeme.
700 1 _aStorey, John,
700 1 _aBillsberry, Jon.
907 _a.b10238797
_b08-05-12
_c17-04-07
003
005 20230123134421.0
040 _cNUST
942 _cBOOKS
999 _c165544
_d165544